[Event "Bodensee op"]
[Site "Bregenz"]
[Date "2022.05.28"]
[Round "8"]
[White "Peredy, Ferenc"]
[Black "Tischbierek, Raj"]
[Result "0-1"]
[WhiteElo "2185"]
[BlackElo "2431"]
[PlyCount "86"]
[EventDate "2022.05.21"]
[EventType "swiss"]
[EventRounds "9"]
[EventCountry "AUT"]
[SourceTitle "CBM 208 Extra"]
[Source "ChessBase"]
[SourceDate "2022.07.31"]
[SourceVersion "1"]
[SourceVersionDate "2022.07.31"]
[SourceQuality "1"]

1. d4 Nf6 2. Bg5 d5 3. e3 c5 4. c3 Qb6 5. Qb3 c4 6. Qxb6 axb6 7. Bxf6 gxf6 8. e4 dxe4 9. Bxc4 Rg8 10. g3 f5 11. Na3 Bd7 12. f3 e6 13. Nb5 Ke7 14. fxe4 fxe4 15. Ne2 Nc6 16. b4 Rc8 17. Na3 Ke8 18. Rb1 h5 19. Rf1 Bd6 20. Kf2 h4 21. Ke3 hxg3 22. hxg3 Rg4 23. Rf6 Be7 24. Rff1 Bf8 25. Rh1 Ne7 26. Rh8 Ng6 27. Rh7 Ne7 28. Rbh1 Nf5+ 29. Kd2 Bg7 30. R1h3 Kf8 31. Bb5 Ra8 32. Bxd7 Rxa3 33. d5 Rxa2+ 34. Ke1 e3 35. Kf1 Rg6 36. dxe6 Rf6 37. Nf4 Nxg3+ 38. Rxg3 Rxf4+ 39. Kg1 e2 40. e7+ Kxe7 41. Re3+ Kxd7 42. Rxg7 Rf1+ 43. Kg2 e1Q+ 0-1

[Event "Bodensee op"]
[Site "Bregenz"]
[Date "2022.05.24"]
[Round "4"]
[White "Shefer, Uri"]
[Black "Peredy, Ferenc"]
[Result "0-1"]
[WhiteElo "1832"]
[BlackElo "2185"]
[PlyCount "78"]
[EventDate "2022.05.21"]
[EventType "swiss"]
[EventRounds "9"]
[EventCountry "AUT"]
[SourceTitle "CBM 208 Extra"]
[Source "ChessBase"]
[SourceDate "2022.07.31"]
[SourceVersion "1"]
[SourceVersionDate "2022.07.31"]
[SourceQuality "1"]

1. d4 d5 2. c4 e6 3. g3 c6 4. Qc2 Bd6 5. Nf3 f5 6. Bg2 Nf6 7. 0-0 0-0 8. Nc3 Ne4 9. Bf4 Bxf4 10. gxf4 Nd7 11. cxd5 exd5 12. e3 Rf6 13. Ne2 Rh6 14. Ng3 Ndf6 15. Ng5 Ng4 16. Nf3 b6 17. Ne2 Ba6 18. h3 Ngf6 19. Rfe1 Bxe2 20. Rxe2 Rc8 21. Rd1 Qe8 22. Nh2 Qh5 23. f3 Ng3 24. Ree1 Qh4 25. Qf2 Nfh5 26. b4 b5 27. a4 a6 28. Rc1 Re8 29. axb5 axb5 30. Ra1 Rhe6 31. Nf1 Rg6 32. Nh2 h6 33. Nf1 Kh7 34. Ra3 Qe7 35. e4 Qxb4 36. exf5 Nxf5 37. Rxe8 Qxa3 38. Re5 Nxf4 39. Rxf5 Nxh3+ 0-1

[Event "HUN-chT2 Erkel 1718"]
[Site "Hungary"]
[Date "2018.03.25"]
[Round "10.3"]
[White "Papp, Gellert"]
[Black "Peredy, Ferenc"]
[Result "1/2-1/2"]
[WhiteElo "2337"]
[BlackElo "2210"]
[PlyCount "42"]
[EventDate "2017.09.24"]
[EventType "team-tourn"]
[EventRounds "11"]
[EventCountry "HUN"]
[SourceTitle "EXT 2021"]
[Source "ChessBase"]
[SourceDate "2020.10.23"]
[SourceVersion "1"]
[SourceVersionDate "2020.10.23"]
[SourceQuality "1"]
[WhiteTeam "Szigetszentmiklos"]
[BlackTeam "Sarkany DSE"]
[WhiteTeamCountry "HUN"]
[BlackTeamCountry "HUN"]

1. e4 e6 2. b3 d5 3. Bb2 dxe4 4. Nc3 Nf6 5. Qe2 Be7 6. 0-0-0 c5 7. Nxe4 Nxe4 8. Qxe4 0-0 9. Bd3 g6 10. Qe5 f6 11. Qe3 Nc6 12. h4 Qd6 13. f4 Nb4 14. h5 Nxd3+ 15. cxd3 g5 16. fxg5 fxg5 17. Nh3 Qd5 18. Nf2 Rf4 19. Ne4 Bd7 20. g3 Rf5 21. Rhf1 Raf8 1/2-1/2

[Event "HUN-chT2 Erkel 1718"]
[Site "Hungary"]
[Date "2018.03.04"]
[Round "9.3"]
[White "Peredy, Ferenc"]
[Black "Csonkics, Tunde"]
[Result "1-0"]
[WhiteElo "2210"]
[BlackElo "2174"]
[PlyCount "63"]
[EventDate "2017.09.24"]
[EventType "team-tourn"]
[EventRounds "11"]
[EventCountry "HUN"]
[SourceTitle "EXT 2021"]
[Source "ChessBase"]
[SourceDate "2020.10.23"]
[SourceVersion "1"]
[SourceVersionDate "2020.10.23"]
[SourceQuality "1"]
[WhiteTeam "Sarkany DSE"]
[BlackTeam "Budapest MTK II"]
[WhiteTeamCountry "HUN"]
[BlackTeamCountry "HUN"]

1. d4 d5 2. c4 c6 3. e3 Bf5 4. cxd5 cxd5 5. Qb3 Nc6 6. Qxb7 Bd7 7. Qb3 e6 8. Nc3 Rb8 9. Qd1 Nf6 10. Bd3 Bb4 11. Nge2 0-0 12. 0-0 Bxc3 13. Nxc3 e5 14. dxe5 Nxe5 15. b3 Bg4 16. Be2 Be6 17. Nb5 Ne4 18. Bb2 f6 19. f3 Nd6 20. Nd4 Qd7 21. Qd2 Bf7 22. Ba3 Rfc8 23. Rfd1 Nc6 24. Ba6 Rd8 25. Rac1 Nxd4 26. exd4 Nb5 27. Bc5 Qc6 28. Qa5 Qd7 29. Re1 Re8 30. Rxe8+ Bxe8 31. Re1 Qf5 32. a4 1-0

[Event "HUN-chT2 Erkel 1718"]
[Site "Hungary"]
[Date "2018.01.28"]
[Round "7.2"]
[White "Peredy, Ferenc"]
[Black "Torok, Tamas Titusz"]
[Result "1-0"]
[WhiteElo "2210"]
[BlackElo "2104"]
[PlyCount "61"]
[EventDate "2017.09.24"]
[EventType "team-tourn"]
[EventRounds "11"]
[EventCountry "HUN"]
[SourceTitle "EXT 2021"]
[Source "ChessBase"]
[SourceDate "2020.10.23"]
[SourceVersion "1"]
[SourceVersionDate "2020.10.23"]
[SourceQuality "1"]
[WhiteTeam "Sarkany DSE"]
[BlackTeam "Pestszentlorinc"]
[WhiteTeamCountry "HUN"]
[BlackTeamCountry "HUN"]

1. e4 e5 2. Nf3 Nc6 3. Bc4 Bc5 4. c3 Nf6 5. d3 a6 6. Bb3 d6 7. h3 0-0 8. 0-0 Ba7 9. Re1 Ne7 10. Nbd2 Ng6 11. Nf1 h6 12. Ng3 Be6 13. Nf5 d5 14. Qe2 c6 15. g4 dxe4 16. dxe4 Bxb3 17. axb3 Nh7 18. Rd1 Qc7 19. g5 hxg5 20. Nxg5 Rfd8 21. Nxh7 Rxd1+ 22. Qxd1 Kxh7 23. Bg5 Bc5 24. Qf3 Kg8 25. Rd1 f6 26. Qh5 Qf7 27. Bh6 Bf8 28. Be3 Rc8 29. Kh2 Ne7 30. Qxf7+ Kxf7 31. Nd6+ 1-0

[Event "HUN-chT2 Erkel 1718"]
[Site "Hungary"]
[Date "2017.10.08"]
[Round "2.2"]
[White "Kis, Jozsef"]
[Black "Peredy, Ferenc"]
[Result "0-1"]
[WhiteElo "1967"]
[BlackElo "2210"]
[PlyCount "84"]
[EventDate "2017.09.24"]
[EventType "team-tourn"]
[EventRounds "11"]
[EventCountry "HUN"]
[SourceTitle "EXT 2021"]
[Source "ChessBase"]
[SourceDate "2020.10.23"]
[SourceVersion "1"]
[SourceVersionDate "2020.10.23"]
[SourceQuality "1"]
[WhiteTeam "Andornaktalya"]
[BlackTeam "Sarkany DSE"]
[WhiteTeamCountry "HUN"]
[BlackTeamCountry "HUN"]

1. e4 c6 2. Nc3 g6 3. Nf3 Bg7 4. d4 d5 5. h3 dxe4 6. Nxe4 Nd7 7. Bc4 Ngf6 8. Neg5 Nd5 9. Qe2 0-0 10. 0-0 h6 11. Ne4 Re8 12. Bb3 Qc7 13. c4 N5f6 14. Nxf6+ Nxf6 15. Ne5 Nd7 16. Ng4 Bxd4 17. Nxh6+ Kg7 18. c5 e6 19. Qd2 Qe5 20. Ng4 Qxc5 21. Qh6+ Kg8 22. Rd1 Bg7 23. Qf4 Qe7 24. Nh6+ Kf8 25. Rxd7 Bxd7 26. Be3 g5 27. Qc4 b6 28. Ng4 f5 29. Nh2 c5 30. Re1 Bc6 31. Qe2 Bf6 32. Qh5 Qf7 33. Qe2 Rad8 34. f4 Qg7 35. fxg5 Bxg5 36. Nf3 Bf6 37. Rb1 Be4 38. Re1 Qg3 39. Bf2 Bxf3 40. Qxf3 Qxf3 41. gxf3 Kf7 42. Re2 Rd3 0-1

[Event "HUN-chT2 Breyer 1516"]
[Site "Hungary"]
[Date "2016.04.17"]
[Round "11.1"]
[White "Berek, Geza"]
[Black "Peredy, Ferenc"]
[Result "1/2-1/2"]
[WhiteElo "2158"]
[BlackElo "2208"]
[PlyCount "26"]
[EventDate "2015.09.13"]
[EventType "team-tourn"]
[EventRounds "11"]
[EventCountry "HUN"]
[SourceTitle "EXT 2017"]
[Source "ChessBase"]
[SourceDate "2016.10.25"]
[SourceVersion "1"]
[SourceVersionDate "2016.10.25"]
[SourceQuality "1"]
[WhiteTeam "Sarkany DSE"]
[BlackTeam "Nyergesujfalu"]
[WhiteTeamCountry "HUN"]
[BlackTeamCountry "HUN"]

1. e4 e5 2. Nf3 Nc6 3. d4 exd4 4. Nxd4 Bc5 5. Nxc6 Qf6 6. Qd2 dxc6 7. Nc3 Bd7 8. Bd3 0-0-0 9. Na4 Bd6 10. Qa5 Kb8 11. Bg5 Bb4+ 12. Qxb4 Qxg5 13. Nc5 b6 1/2-1/2

[Event "HUN-chT2 Breyer 1516"]
[Site "Hungary"]
[Date "2015.10.18"]
[Round "3.1"]
[White "Peredy, Ferenc"]
[Black "Akots, Gabor"]
[Result "1/2-1/2"]
[WhiteElo "2208"]
[BlackElo "2255"]
[PlyCount "20"]
[EventDate "2015.09.13"]
[EventType "team-tourn"]
[EventRounds "11"]
[EventCountry "HUN"]
[SourceTitle "CBM 170 Extra"]
[Source "ChessBase"]
[SourceDate "2016.02.25"]
[SourceVersion "1"]
[SourceVersionDate "2016.02.25"]
[SourceQuality "1"]
[WhiteTeam "Sarkany DSE"]
[BlackTeam "Naszaly Geniusz Tata"]
[WhiteTeamCountry "HUN"]
[BlackTeamCountry "HUN"]

1. d4 Nf6 2. Nf3 g6 3. g3 Bg7 4. Bg2 0-0 5. 0-0 d6 6. b3 Bg4 7. h3 Bxf3 8. Bxf3 Nc6 9. Bb2 Nd7 10. Bg2 e5 1/2-1/2

[Event "Brasschaat op 15th"]
[Site "Brasschaat"]
[Date "2015.08.22"]
[Round "8"]
[White "Peredy, Ferenc"]
[Black "Naalden, Marc"]
[Result "1-0"]
[WhiteElo "2201"]
[BlackElo "1975"]
[PlyCount "73"]
[EventDate "2015.08.15"]
[EventType "swiss"]
[EventRounds "9"]
[EventCountry "BEL"]
[SourceTitle "EXT 2016"]
[Source "ChessBase"]
[SourceDate "2015.10.08"]
[SourceVersion "1"]
[SourceVersionDate "2015.10.08"]
[SourceQuality "1"]

1. d4 Nf6 2. Bg5 Ne4 3. Bf4 c5 4. f3 Qa5+ 5. c3 Nf6 6. d5 Qb6 7. b3 g6 8. e4 d6 9. Nd2 Bg7 10. Ne2 Qc7 11. a4 0-0 12. Nc4 Nbd7 13. Qd2 b6 14. g4 Ba6 15. Ng3 Bxc4 16. bxc4 Ne8 17. h4 Ne5 18. Be2 e6 19. h5 f5 20. hxg6 hxg6 21. gxf5 exf5 22. exf5 gxf5 23. Kf2 Nf6 24. Bxe5 Ng4+ 25. fxg4 fxg4+ 26. Kg2 Bxe5 27. Qg5+ Qg7 28. Qxg7+ Bxg7 29. Bxg4 Bxc3 30. Be6+ Kg7 31. Ra3 Bd4 32. Nf5+ Kf6 33. Rf3 Kg5 34. Rg3+ Kf6 35. Rf1 Be5 36. Nd4+ Ke7 37. Nc6+ 1-0

[Event "HUN-chT2 Breyer 1415"]
[Site "Hungary"]
[Date "2014.10.12"]
[Round "3.1"]
[White "Peredy, Ferenc"]
[Black "Toth, Tamas"]
[Result "1/2-1/2"]
[WhiteElo "2195"]
[BlackElo "2023"]
[PlyCount "44"]
[EventDate "2014.09.07"]
[EventType "team-tourn"]
[EventRounds "11"]
[EventCountry "HUN"]
[SourceTitle "EXT 2016"]
[Source "ChessBase"]
[SourceDate "2015.10.08"]
[SourceVersion "1"]
[SourceVersionDate "2015.10.08"]
[SourceQuality "1"]
[WhiteTeam "Sarkany DSE"]
[BlackTeam "Turul"]
[WhiteTeamCountry "HUN"]
[BlackTeamCountry "HUN"]

1. e4 d6 2. d4 e5 3. Nf3 Nc6 4. d5 Nce7 5. Nc3 g6 6. h3 Bg7 7. Bc4 Nf6 8. g4 h5 9. g5 Nd7 10. Be3 a6 11. a3 b5 12. Ba2 Nb6 13. Qe2 Bd7 14. Nd2 Qb8 15. h4 0-0 16. f3 Qe8 17. Qf2 Rb8 18. 0-0-0 a5 19. Rde1 b4 20. axb4 axb4 21. Ncb1 Qc8 22. f4 exf4 1/2-1/2

[Event "Dresden ZMD op 23rd"]
[Site "Dresden"]
[Date "2014.08.21"]
[Round "7"]
[White "Buechmann, Ole"]
[Black "Peredy, Ferenc"]
[Result "1-0"]
[WhiteElo "2117"]
[BlackElo "2210"]
[PlyCount "71"]
[EventDate "2014.08.15"]
[EventType "swiss"]
[EventRounds "9"]
[EventCountry "GER"]
[SourceTitle "CBM 161 Extra"]
[Source "ChessBase"]
[SourceDate "2014.08.29"]
[SourceVersion "1"]
[SourceVersionDate "2014.08.29"]
[SourceQuality "1"]

1. c4 c5 2. g3 Nc6 3. Bg2 g6 4. e3 Bg7 5. Ne2 d6 6. Nbc3 Nf6 7. 0-0 0-0 8. d4 cxd4 9. exd4 Bd7 10. b3 Rc8 11. Bb2 h5 12. Qd2 a6 13. Rac1 Na5 14. Ne4 Nxe4 15. Bxe4 Nc6 16. f4 f5 17. Bg2 b5 18. c5 dxc5 19. dxc5 Bxb2 20. Qxb2 Qc7 21. Rfe1 e5 22. Bxc6 Qxc6 23. fxe5 Rce8 24. Nf4 Kh7 25. Qd4 Bc8 26. Qd6 Bb7 27. Qxc6 Bxc6 28. Rcd1 Be4 29. Rd7+ Kh6 30. Rd6 Rg8 31. e6 a5 32. c6 Rg7 33. Rc1 Rc7 34. e7 Rexe7 35. Nxg6 Re8 36. Nf8+ 1-0

[Event "Dresden ZMD op 23rd"]
[Site "Dresden"]
[Date "2014.08.18"]
[Round "4"]
[White "Peredy, Ferenc"]
[Black "Fogarasi, Tibor"]
[Result "1/2-1/2"]
[WhiteElo "2210"]
[BlackElo "2392"]
[PlyCount "84"]
[EventDate "2014.08.15"]
[EventType "swiss"]
[EventRounds "9"]
[EventCountry "GER"]
[SourceTitle "CBM 161 Extra"]
[Source "ChessBase"]
[SourceDate "2014.08.29"]
[SourceVersion "1"]
[SourceVersionDate "2014.08.29"]
[SourceQuality "1"]

1. d4 Nf6 2. Nf3 c5 3. d5 g6 4. Nc3 d6 5. e4 Bg7 6. Be2 0-0 7. 0-0 Na6 8. h3 Nc7 9. Nd2 e6 10. dxe6 Bxe6 11. a4 d5 12. exd5 Ncxd5 13. Nxd5 Bxd5 14. Nc4 Qc7 15. Be3 Rad8 16. Qc1 Qc6 17. Ne5 Qe6 18. Nd3 b6 19. Re1 Bb7 20. Bh6 Qd6 21. Bf4 Qd7 22. Ne5 Qc8 23. Bc4 Bd5 24. Bxd5 Rxd5 25. Ng4 Rd4 26. b3 Qf5 27. Be5 Ne4 28. f4 Bxe5 29. Nxe5 Nf6 30. Nc6 Qxf4 31. Nxd4 Qxd4+ 32. Qe3 Qh4 33. Rad1 Nh5 34. Qe7 Qg3 35. Re3 Qf4 36. Rf1 Qd4 37. Qe4 Qd2 38. Re2 Qd7 39. c4 Ng7 40. Qd5 Qc7 41. Qe5 Qd7 42. Qd5 Qe7 1/2-1/2

[Event "Dresden ZMD op 23rd"]
[Site "Dresden"]
[Date "2014.08.16"]
[Round "2"]
[White "Peredy, Ferenc"]
[Black "Nguyen, Huy Dat"]
[Result "1/2-1/2"]
[WhiteElo "2210"]
[BlackElo "1909"]
[PlyCount "42"]
[EventDate "2014.08.15"]
[EventType "swiss"]
[EventRounds "9"]
[EventCountry "GER"]
[SourceTitle "CBM 161 Extra"]
[Source "ChessBase"]
[SourceDate "2014.08.29"]
[SourceVersion "1"]
[SourceVersionDate "2014.08.29"]
[SourceQuality "1"]

1. d4 Nf6 2. Nf3 g6 3. c4 Bg7 4. g3 0-0 5. Bg2 d6 6. Nc3 Nc6 7. 0-0 a6 8. b3 Bg4 9. h3 Bxf3 10. Bxf3 Nd7 11. e3 e5 12. dxe5 Ndxe5 13. Bb2 Nxf3+ 14. Qxf3 Qd7 15. Kg2 Rae8 16. Rad1 Re5 17. Rd5 Rxd5 18. Qxd5 Re8 19. Rd1 Re5 20. Qf3 Rf5 21. Qe4 Re5 1/2-1/2

[Event "HUN-chT2 Szechenyi 1314"]
[Site "Hungary"]
[Date "2014.03.23"]
[Round "9.2"]
[White "Peredy, Ferenc"]
[Black "Gaal, Alexander"]
[Result "1-0"]
[WhiteElo "2205"]
[BlackElo "1968"]
[PlyCount "81"]
[EventDate "2013.09.08"]
[EventType "team-tourn"]
[EventRounds "11"]
[EventCountry "HUN"]
[SourceTitle "EXT 2016"]
[Source "ChessBase"]
[SourceDate "2015.10.08"]
[SourceVersion "1"]
[SourceVersionDate "2015.10.08"]
[SourceQuality "1"]
[WhiteTeam "Balatonfuered"]
[BlackTeam "Szombathely Haladas III"]
[WhiteTeamCountry "HUN"]
[BlackTeamCountry "HUN"]

1. d4 Nf6 2. Nf3 g6 3. c4 Bg7 4. g3 0-0 5. Bg2 d6 6. Nc3 c6 7. 0-0 Nbd7 8. h3 Rb8 9. e4 e5 10. Re1 Re8 11. Be3 a6 12. Qc2 Qe7 13. Rad1 h6 14. b3 Nf8 15. Qc1 g5 16. dxe5 dxe5 17. h4 gxh4 18. Nxh4 Ng4 19. Nf5 Bxf5 20. exf5 Qf6 21. Ne4 Qxf5 22. Nd6 Qh5 23. Nxe8 Rxe8 24. Qc2 Ng6 25. Bb6 Re6 26. Rd8+ Kh7 27. f3 Qh2+ 28. Kf1 Nf6 29. Bf2 Nh5 30. Re4 f5 31. Re2 f4 32. g4 Ng3+ 33. Bxg3 Qxg3 34. c5 Qh4 35. Rd7 h5 36. Qf5 hxg4 37. Qxe6 gxf3 38. Bxf3 Qg3 39. Be4 f3 40. Qxg6+ Qxg6 41. Rh2+ 1-0

[Event "HUN-chT2 Szechenyi 1314"]
[Site "Hungary"]
[Date "2013.09.08"]
[Round "1.2"]
[White "Rezsek, Gyozo"]
[Black "Peredy, Ferenc"]
[Result "1/2-1/2"]
[WhiteElo "2032"]
[BlackElo "2205"]
[PlyCount "36"]
[EventDate "2013.09.08"]
[EventType "team-tourn"]
[EventRounds "11"]
[EventCountry "HUN"]
[SourceTitle "EXT 2016"]
[Source "ChessBase"]
[SourceDate "2015.10.08"]
[SourceVersion "1"]
[SourceVersionDate "2015.10.08"]
[SourceQuality "1"]
[WhiteTeam "Keszthely Spartacus"]
[BlackTeam "Balatonfuered"]
[WhiteTeamCountry "HUN"]
[BlackTeamCountry "HUN"]

1. e4 e5 2. Nf3 Nf6 3. d4 exd4 4. e5 Ne4 5. Qxd4 d5 6. exd6 Nxd6 7. Qe5+ Qe7 8. Bf4 Nc6 9. Qxe7+ Bxe7 10. Nc3 Bg4 11. 0-0-0 0-0-0 12. Be2 Rhe8 13. h3 Bh5 14. Rhe1 Bg6 15. Bf1 h6 16. a3 Nf5 17. Bb5 Rxd1+ 18. Nxd1 a6 1/2-1/2

[Event "Brasschaat op 13th"]
[Site "Brasschaat"]
[Date "2013.08.22"]
[Round "6"]
[White "Hovhannisyan, Mher"]
[Black "Peredy, Ferenc"]
[Result "1-0"]
[WhiteElo "2507"]
[BlackElo "2198"]
[PlyCount "109"]
[EventDate "2013.08.17"]
[EventType "swiss"]
[EventRounds "9"]
[EventCountry "BEL"]
[SourceTitle "CBM 156 Extra"]
[Source "ChessBase"]
[SourceDate "2013.10.22"]
[SourceVersion "1"]
[SourceVersionDate "2013.10.22"]
[SourceQuality "1"]

1. e4 c5 2. c3 g6 3. d4 cxd4 4. cxd4 d5 5. exd5 Nf6 6. Nc3 Nxd5 7. Qb3 Nb6 8. d5 Bg7 9. Be3 0-0 10. Rd1 Na6 11. Be2 Qd6 12. Nf3 Qb4 13. 0-0 Qxb3 14. axb3 Rd8 15. Bg5 Kf8 16. Rfe1 Nc7 17. Bc4 f6 18. Be3 Nxc4 19. bxc4 Kf7 20. Bf4 Na6 21. Nd4 Bd7 22. Ncb5 Rdc8 23. b3 g5 24. Bg3 f5 25. Be5 Bf6 26. Rd2 Nc5 27. Bxf6 Kxf6 28. Rde2 a6 29. Nc3 Nd3 30. Re6+ Bxe6 31. Rxe6+ Kf7 32. Nxf5 Nc5 33. Rxe7+ Kf6 34. g4 Re8 35. d6 Rxe7 36. Nd5+ Ke5 37. dxe7 Ne6 38. Nb6 Rh8 39. Nd7+ Kf4 40. Nf6 Nc7 41. Nd6 Ke5 42. e8Q+ Nxe8 43. Nfxe8 Rf8 44. Kg2 b6 45. f3 h6 46. Kf2 b5 47. Ke3 b4 48. c5 Kd5 49. Nc7+ Kc6 50. Ne6 Rf6 51. Nd4+ Kd5 52. Ne4 Rf8 53. Kd3 a5 54. h3 Rb8 55. Nf6+ 1-0

[Event "Liechtenstein op 31st"]
[Site "Triesen"]
[Date "2013.05.11"]
[Round "9"]
[White "Peredy, Ferenc"]
[Black "Paehtz, Thomas Sr"]
[Result "1/2-1/2"]
[WhiteElo "2176"]
[BlackElo "2399"]
[PlyCount "67"]
[EventDate "2013.05.03"]
[EventType "swiss"]
[EventRounds "9"]
[EventCountry "LIE"]
[SourceTitle "CBM 154 Extra"]
[Source "ChessBase"]
[SourceDate "2013.06.25"]
[SourceVersion "2"]
[SourceVersionDate "2013.06.25"]
[SourceQuality "1"]

1. d4 Nf6 2. c4 d6 3. Nf3 g6 4. g3 Bg7 5. Bg2 0-0 6. Nc3 Nc6 7. 0-0 a6 8. d5 Na5 9. Nd2 c5 10. Qc2 Rb8 11. b3 b5 12. Bb2 e5 13. Rae1 Ng4 14. h3 Nh6 15. e3 Bd7 16. Kh2 Qc7 17. Ne2 Rbe8 18. Bc3 Nb7 19. Nc1 b4 20. Bb2 a5 21. Nd3 a4 22. e4 a3 23. Ba1 f6 24. f4 Nd8 25. Qd1 Ndf7 26. Rf2 Qd8 27. Ref1 exf4 28. gxf4 f5 29. Bxg7 Kxg7 30. Qa1+ Qf6 31. e5 dxe5 32. Nxc5 Bc8 33. fxe5 Nxe5 34. Nde4 1/2-1/2